000 00966nam a2200241Ia 4500
005 20250622124032.0
008 250617s9999||||xx |||||||||||||| ||ara||
017 _a2024/31826
_bمصر. دار الكتب
020 _a9789778685794
082 0 4 _a"745,6191"
_bع ك
100 0 _aعلاء الدين بدوى محمود محمد الخضرى
245 1 0 _aالكتابات الأثرية الإسلامية على التحف السلجوقية والمغولية /
_cإعداد علاء الدين بدوى محمود محمد الخضرى
250 _aط1
260 3 _aالقاهرة :
_b"حسن أبو شادى للأبحاث والنشر،"
_c2025.
300 _a610ص :
_bلوحات ؛
_c30سم.
650 _aالخط الديوانى
650 _aالخط العربى
650 _aالخط الكوفى
650 _aالكتابات العربية
650 _aالنقوش العربية
942 _cBK
999 _c67583
_d67583